004150000a22001210004500090001700000245009200017041001400109700003000123100002800153942001300181773008200194999001700276 aASbSeriadas10aPresencia de Archirus novoae cervigón (Pisces: Soleidae) en la Orinoquía colombiana0 aEspañol1 aMojica, José I.91000261 aGalvis, Germán910556 cARTICULO1 tRevista de la Facultad de Ciencias Universidad Javerianah1q155-160d1987g1 c15799d15799